000 00327nam a22001457a 4500
008 221130b ||||| |||| 00| 0 eng d
020 _a9781429232500
041 _aeng
080 _2FOURTH EDITION
_a616.073
082 _a616.073PIE
100 _a12
101 _aGENE
245 _aGENETICS
_cPIERCE A.B
942 _2udc
_cBK
999 _c59039
_d59039